Statistics for Green Day - American Idiot Songs

Click here to take the quiz!

General Stats

  • This quiz has been taken 45 times
  • The average score is 9 of 16

Answer Stats

ListensAnswer% Correct
883,939,250American Idiot
100%
740,569,315Boulevard Of Broken Dreams
94%
318,419,759Holiday
91%
696,966,324Wake Me Up When September Ends
82%
182,424,495Jesus Of Suburbia
79%
52,890,264St. Jimmy
73%
64,402,696Whatsername
67%
40,134,399Homecoming
58%
65,577,575Give Me Novacaine
52%
35,545,620Letterbomb
52%
65,577,575She's A Rebel
45%
52,890,264Are We The Waiting
42%
35,545,620Extraordinary Girl
36%
6,859,854Governator
24%
9,523,438Too Much Too Soon
24%
7,852,930Shoplifter
21%

Score Distribution

Percentile by Number Answered

Percent of People with Each Score

Your Score History

You have not taken this quiz